000 00761nam a22002537a 4500
003 UA-OsUOA
001 28386
007 ta
008 20050321b un ||||| |||| 00| 0 ukr d
100 _aДаньшина Л. И.
090 _a343.1(470)
_bД17
942 _cBK
040 _aUA-OsUOA
_brus
_cUA-OsUOA
_dUA-OsUOA
245 _aВозбуждение уголовного дела и предварительное расследование в уголовном процессе России
_bУчебное пособие для вузов
300 _a192 с.
955 _a0
041 _arus
080 _a343.1(470)
020 _a5-94692-531-8
260 _aМ.
_bЭкзамен
_c2003
044 _aRU
650 7 _2UDC
999 _c314753
_d314753